000 00368nam a2200157Ia 4500
999 _c5932
_d5932
003 OSt
005 20200313113840.0
008 190906s9999||||xx |||||||||||||| ||und||
020 _a9780273630302
040 _cMAJU
100 _aTerry Patrick
245 0 _aCracking International Markets
260 _aUSA
_bAddison Wesley
_c1998
300 _a273
942 _cBK
_2ddc